[Event "EYCC 2017"]
[Site "Mamaia"]
[Date "2017.09.12"]
[Round "7"]
[White "De Boer, Eelke"]
[Black "Mis, Mieszko"]
[Result "1-0"]
[WhiteElo "2233"]
[BlackElo "2245"]
[Annotator "TA"]
[PlyCount "81"]
[EventDate "2017.??.??"]
[EventType "swiss"]
[EventCountry "ROU"]
[SourceTitle "playchess.com"]
[Source "ChessBase"]
[SourceQuality "1"]

{[%evp 16,81,40,27,32,16,51,37,37,25,31,16,18,18,25,20,38,21,17,35,38,43,50,0,0,0,1,-303,-301,-278,-286,-295,-291,-286,-209,-220,-202,-210,-213,-167,-47,-45,-47,-47,-45,-45,142,148,250,23,20,20,19,0,8,-52,517,553,541,506,2024,561,29995,29990,29990,29991,29996,29997]} 1. e4 g6 2. d4 Bg7 3. Nc3 d6 4. Be3 a6 5. Qd2 b5 6. f3 Nd7 7. h4 h5 8. Nh3 c6 {B06: Modern Defence} (8... c5 9. Ng5 cxd4 10. Bxd4 Ngf6 11. a4 bxa4 12. Rxa4 O-O 13. Be2 Nc5 14. Ra2 Ne6 15. Nxe6 Bxe6 16. Rxa6 Rxa6 17. Bxa6 {0-1 (27) Volokitin,A (2649)-Mamedov,R (2688) Doha 2016}) 9. Ng5 {LiveBook: 4 Games} Qc7 10. a4 {[%cal Ra4b5]} Rb8 $146 {The position is equal.} ({Predecessor:} 10... Bb7 11. Be2 Rc8 12. O-O e6 13. f4 Ne7 {1-0 (22) Gazik,I (2380)-Vyparina,M (2120) Hlohovec 1998}) 11. axb5 axb5 12. Bd3 Ngf6 13. O-O O-O 14. Nd1 e5 15. c3 c5 16. b4 exd4 17. cxd4 cxd4 18. Bxd4 d5 $1 19. Nc3 Ng4 {[%csl Gg4][%cal Rc7h2]} 20. e5 $1 Ndxe5 21. Qf4 $2 {[%mdl 8192]} (21. Nxd5 $2 Nc4 $19) (21. Bxg6 $1 $11 {and White stays safe.} fxg6 22. fxg4 Nxg4 23. Rxf8+ Bxf8 24. Nxd5 Qh2+ 25. Kf1 Qh1+ 26. Bg1) 21... Nxf3+ $1 $19 22. Rxf3 Bxd4+ 23. Qxd4 {Rf4 is the strong threat.} Qh2+ 24. Kf1 Qxh4 {aiming for ...Nh2+.} 25. Qf4 {Strongly threatening Kg1.} Nh2+ 26. Ke2 Nxf3 27. Kxf3 Bg4+ (27... f6 $19 28. Nh3 Bg4+ 29. Ke3 d4+ $1 {[%mdl 512]} 30. Kxd4 Rbd8+ 31. Ke3 Rfe8+ 32. Ne4 g5) 28. Ke3 $15 d4+ 29. Kxd4 {And now Be4 would win.} Rbd8+ 30. Ke3 $1 ({Not} 30. Nd5 $2 f6 $19) 30... Rfe8+ $2 {[#]} (30... f6 $1 $15 31. Nge4 g5) 31. Nce4 $1 $16 f5 {[#]} (31... f6 $16 {keeps fighting.} 32. Nf3 g5 33. Qxf6 Bxf3 34. gxf3 Qf4+ 35. Qxf4 gxf4+ 36. Kd2 (36. Kxf4 Rxd3 37. Nf6+ Kf7 $11) 36... Re5) 32. Bxb5 $2 $40 {[%mdl 128] White attacks.} (32. Bc2 $1 $18 Rd7 33. Bb3+ Kg7 34. Ne6+ Kg8 35. Nc7+ Kh7 36. Nxe8) 32... Rxe4+ $11 33. Nxe4 {White wants to mate with Bc4+.} Qe7 34. Ra6 Kg7 35. Bc4 (35. Rc6 $11 fxe4 36. Rc7) 35... Re8 $2 {[%mdl 8192]} (35... fxe4 $15 {keeps the upper hand.} 36. Rc6 (36. Qxe4 $2 Qg5+ 37. Kf2 Rd2+ 38. Kg1 Rd1+ 39. Bf1 Rxf1+ 40. Kxf1 Qb5+ 41. Kg1 Qxa6 $19) 36... Qa7+ 37. Rc5 Rd7) 36. Re6 $18 Qa7+ 37. Nc5 Qa3+ (37... Rxe6+ $142 38. Bxe6 Qa3+ 39. Nd3 Kh7) 38. Nd3 (38. Kf2 $142 {White threatens Qd4+ and mate.} Qb2+ 39. Kg3 Rxe6 40. Nxe6+ Kf6 41. Qg5+ Ke5 42. Nc5 Qa3+ 43. Bb3 Qxb3+ 44. Nxb3) 38... Rd8 {With the idea ...Rxd3+.} 39. Qc7+ {White mates.} Kh6 40. Qxd8 f4+ 41. Kxf4 {Precision: White = 32%, Black = 50%.} 1-0

[Event "EYCC 2017"]
[Site "Mamaia"]
[Date "2017.09.12"]
[Round "7"]
[White "Sliwicka, Alicja"]
[Black "Vozinaki, Anthi - Maria"]
[Result "1-0"]
[WhiteElo "2230"]
[BlackElo "2040"]
[Annotator "TA"]
[PlyCount "79"]
[EventDate "2017.??.??"]
[EventType "swiss"]
[EventCountry "ROU"]
[SourceTitle "playchess.com"]
[Source "ChessBase"]
[SourceQuality "1"]

{[%evp 22,79,21,0,23,-11,-10,-13,-4,-10,10,-6,0,0,3,-44,-50,-36,0,15,15,-10,153,139,180,171,170,134,229,216,229,227,225,221,225,207,223,220,353,228,224,206,210,177,310,295,491,477,483,473,872,543,751,720,907,677,748,750,1510,850]} 1. e4 c5 2. Nf3 e6 3. d4 cxd4 4. Nxd4 Nc6 5. Nc3 Qc7 6. Nb3 a6 7. Bd3 b5 8. O-O Nf6 9. f4 d6 {B43: Sicilian: Kan Variation: 5 Nc3} 10. Qf3 Bb7 11. Bd2 Be7 12. Rae1 {LiveBook: 9 Games} b4 13. Ne2 {[%cal Bc3e2,Be2g3,Bg3f5][%mdl 32]} O-O 14. Qh3 e5 15. Ng3 Rfe8 16. Kh1 a5 $146 ({Find the theoretical novelty and annotate with similar games:} 16... Bc8) 17. fxe5 Nxe5 18. Bg5 Nfg4 19. Bxe7 {[#] And now Bh4 would win.} Rxe7 20. Nf5 Re6 21. Qh4 {Nbd4 is the strong threat.} Rae8 $2 ({Black should try} 21... g6 $11 22. Nfd4 Qe7) 22. Bb5 $16 {[%cal Bd3b5,Bb5a4,Ba4b3,Bb3c4][%mdl 32]} Rb8 23. Nbd4 Rf6 24. Qg5 {[%csl Gf5][%cal Rg5g7] [#]} Rxf5 (24... Rg6 $16 25. Ne7+ Kh8 26. Nxg6+ hxg6) 25. Nxf5 $40 {[%csl Gf5][%cal Rg5g7][%mdl 128] White wants a kill.} ({But not} 25. exf5 $6 Nf6 $16) ({Inferior is} 25. Qxf5 Qc5 $11) 25... f6 26. Qd2 {Black must now prevent h3.} Nf7 27. Ba4 Ba6 28. Rf4 Nge5 29. Bb3 Nc4 (29... Bc4 {keeps fighting.} 30. Rd1 Rd8) 30. Bxc4 Bxc4 31. Rg4 g6 32. Nd4 Qc5 (32... Re8 {might work better.} 33. Rf4 Qe7) 33. Rf4 Qg5 $2 (33... Re8 {is a better defense.} 34. Rxf6 Qe5) 34. b3 {White is clearly winning.} Ba6 35. Qf2 Nh6 (35... Qc5 $142 36. Rxf6 Ne5) 36. h3 Qh5 37. Rh4 Qg5 38. Nf3 Qb5 39. Rxh6 Kg7 40. Rh4 {Precision: White = 54%, Black = 26%.} 1-0

[Event "EYCC 2017"]
[Site "Mamaia"]
[Date "2017.09.12"]
[Round "7"]
[White "Chukavin, Kirill"]
[Black "Zarubitski, Viachaslau"]
[Result "0-1"]
[WhiteElo "2226"]
[BlackElo "2325"]
[Annotator "TA"]
[PlyCount "172"]
[EventDate "2017.??.??"]
[EventType "swiss"]
[EventCountry "ROU"]
[SourceTitle "playchess.com"]
[Source "ChessBase"]
[SourceQuality "1"]

{[%evp 22,172,13,13,14,6,14,6,16,2,6,14,6,8,16,12,14,12,18,15,18,8,24,22,20,22,34,0,0,0,0,0,29,-11,-11,-11,-11,-11,-11,-11,0,0,0,-11,0,-17,-17,-31,-11,-27,-22,-43,-21,-21,-7,-7,-7,-7,-4,-7,-7,-7,-7,-7,-7,-14,-7,-7,-8,-10,-12,-12,0,0,0,0,0,0,0,0,0,0,0,0,0,0,0,0,0,0,0,0,0,0,0,0,0,0,0,0,0,0,0,0,0,0,0,0,0,0,0,0,0,0,0,0,0,0,0,0,0,0,0,0,0,0,0,0,0,0,0,0,0,-12847,-12847,-12848,-12848,-12849,-12849,-12850,-12850,-12850,-29981,-29981,-29982,-29982,-29983,-29983,-29984,-29984,-29985,-29985,-29986]} 1. e4 e5 2. Nf3 Nf6 3. Nxe5 d6 4. Nf3 Nxe4 5. Nc3 Nxc3 6. dxc3 Be7 7. Be3 Nc6 8. Qd2 Be6 9. O-O-O {C42: Petroff Defence: 3 Nxe5 and unusual White 3rd moves} Qd7 10. Kb1 (10. h4 h6 11. c4 Bf6 12. Nd4 Nxd4 13. Bxd4 Qe7 14. Qf4 Bxd4 15. Qxd4 Qf6 16. Qxf6 gxf6 {1-0 (56) Grischuk,A (2761)-Yu,Y (2753) Jiayuguan 2017}) 10... O-O-O 11. Ng5 Bxg5 12. Bxg5 {LiveBook: 10 Games} Rde8 13. b3 $146 ({Predecessor:} 13. f3) 13... Kb8 14. c4 f6 15. Be3 Bg4 16. f3 Bf5 17. Bf2 Qf7 18. g3 Re7 19. Bg2 Rhe8 {And now ...Re2 would win.} 20. Rhe1 Qg6 21. Kb2 Rxe1 22. Rxe1 Rxe1 23. Bxe1 Qe8 24. Qf2 {[#]} Nd4 $1 {[%mdl 512]} 25. c3 (25. Qxd4 Qxe1) 25... Nc6 26. f4 Qe7 27. Bd2 (27. c5 $5) 27... Be4 28. Bxe4 Qxe4 29. Qe3 Qxe3 30. Bxe3 $11 {[%mdl 4096] Endgame KB-KN} f5 31. Bd4 g6 32. Kc2 Nd8 33. Kd3 Ne6 34. Be3 Kc8 35. a4 ({Much worse is} 35. Bxa7 b6 $17) 35... c5 36. a5 b6 37. axb6 axb6 38. Ke2 Nd8 39. b4 Nc6 40. Bd2 Kd7 41. Kd3 Ne7 42. h3 Ke6 43. Be3 Ng8 44. Bf2 Nf6 45. Be1 Ne4 46. g4 h6 {[%cal Bh7h6,Bh6g5][%mdl 32]} (46... Nf6 $5 {[%cal Rf5g4]}) 47. Bh4 g5 48. fxg5 hxg5 49. Be1 $1 Ke5 {aiming for ...fxg4.} 50. gxf5 Kxf5 51. Ke3 Ke5 52. h4 gxh4 53. Bxh4 Nxc3 54. Bg3+ Ke6 55. bxc5 bxc5 56. Kd3 Na4 57. Kc2 Nb6 58. Kb3 Kd7 59. Kc3 Nc8 60. Kd3 Ke6 (60... d5 $5) 61. Bh4 Nb6 62. Bd8 Nd7 63. Kc3 Ne5 64. Bh4 Nc6 65. Bg3 Ne7 66. Bh4 Nf5 67. Bg5 Ke5 (67... Ne3 $5) 68. Bd8 Ke4 69. Bc7 Ke3 70. Kb3 Kd4 71. Bb8 Ke5 72. Bc7 Nd4+ 73. Kc3 Nc6 74. Kd3 Ke6 75. Bb6 $1 Kf5 76. Bc7 Ke5 77. Ke3 $2 {[%mdl 8192]} (77. Bb6 $11) 77... Ke6 $1 $19 {[%cal Re6d7]} 78. Kd3 {[#]} Kd7 $1 79. Bb6 {[#]} Kc8 $1 {[%cal Rc8b7]} 80. Ke4 Kb7 81. Kd5 Kxb6 82. Kxd6 {Black mates.} Na5 83. Kd5 Nb7 84. Ke5 Ka5 85. Ke4 Kb4 86. Kd5 {[#]} Nd6 $1 {[%mdl 512] Precision: White = 71%, Black = 65%.} 0-1

[Event "EYCC 2017"]
[Site "Mamaia"]
[Date "2017.09.12"]
[Round "7"]
[White "Antolak, Julia"]
[Black "Sieber, Fiona"]
[Result "1/2-1/2"]
[WhiteElo "2212"]
[BlackElo "2248"]
[Annotator "TA"]
[PlyCount "95"]
[EventDate "2017.??.??"]
[EventType "swiss"]
[EventCountry "ROU"]
[SourceTitle "playchess.com"]
[Source "ChessBase"]
[SourceQuality "1"]

{[%evp 35,95,18,22,10,11,8,4,0,0,0,14,-21,6,-64,-41,-76,-38,-60,-53,-134,-149,-160,-165,-154,-150,-203,-124,-154,-61,-85,-44,-67,45,0,115,102,139,127,63,0,0,0,0,0,0,0,0,0,0,0,0,-6,-6,-12,-18,-19,-11,-14,0,0,0,-30]} 1. e4 e5 2. Nf3 Nc6 3. Bb5 a6 4. Ba4 Nf6 5. O-O Be7 6. Re1 b5 7. Bb3 d6 8. c3 O-O 9. h3 Nb8 10. d4 Nbd7 11. Nbd2 {[%cal Bb1d2,Bd2f1,Bf1g3][%mdl 32]} Bb7 12. Bc2 Re8 13. Nf1 Bf8 14. Ng3 g6 15. a4 c5 16. d5 c4 17. Be3 Nc5 {C95: Closed Ruy Lopez: Breyer Variation with 10 d4} (17... Qc7 18. Qe2 Nc5 19. Nd2 h5 20. Rec1 Bg7 21. Ngf1 Reb8 22. Ra2 Nfd7 23. Rca1 Nb6 24. g4 hxg4 25. hxg4 Nbxa4 {0-1 (50) Duda,J (2599)-Adams,M (2758) Germany 2015}) 18. Qd2 Nfd7 {[%cal Bf6d7,Bd7b6,Bb6a4][%mdl 32] LiveBook: 7 Games} 19. Bh6 Bxh6 20. Qxh6 Qf6 21. Qd2 $146 ({Predecessor:} 21. Nf1 Nb6 22. a5 {½-½ (78) Stetsko,L (2142)-Homiakova,E (2157) Minsk 2011}) 21... Nb6 {[%cal Rb6a4]} 22. a5 Nba4 23. Rab1 (23. Bxa4 $5 Nxa4 24. Qh6 $15) 23... Bc8 24. Qd1 (24. Qh6 $11) 24... Bd7 $15 25. Nh2 Qg7 26. Rf1 Rf8 27. f4 (27. Ng4 $15) 27... exf4 $17 28. Rxf4 {[#]} Nxb2 $1 {[%mdl 512]} 29. Qf3 (29. Rxb2 Qxc3) 29... Nbd3 30. Bxd3 (30. Rf6 $17) 30... cxd3 31. Rf6 Rad8 (31... Rae8 $17 {And now ...Rxe4! would win.} 32. Rf1 d2) 32. Rf1 Bc8 33. Qe3 Nd7 (33... Nb7 $15) 34. Rxd6 Qxc3 {[#]} (34... Qe5 $11 35. Qf4 Qxf4 36. Rxf4 f5 $1 {[%mdl 512]}) 35. Rc6 $1 $16 {[%cal Rc6c3]} Qb2 {With the idea ...Ne5.} 36. Ng4 ({Not} 36. Qxd3 Ne5 $15) 36... d2 ({Better is} 36... f6 $16) 37. e5 (37. Kh2 $14) 37... f5 $1 $36 {[%cal Rf5g4][%mdl 2048] The position is equal. Black is more active.} 38. exf6 Nxf6 39. Nxf6+ Rxf6 40. Rcxf6 Qxf6 41. Rxf6 d1=Q+ 42. Kh2 Qxd5 43. Qe7 {Hoping for Ne4.} Qd7 $1 {[%cal Rd7e7]} 44. Qe5 Re8 45. Qf4 Bb7 46. Rd6 Qf7 47. Qd2 Bc8 48. Qd4 {Precision: White = 39%, Black = 54%.} 1/2-1/2

[Event "EYCC 2017"]
[Site "Mamaia"]
[Date "2017.09.12"]
[Round "7"]
[White "Katopodis, Dimitrios"]
[Black "Gharibyan, Mamikon"]
[Result "1/2-1/2"]
[WhiteElo "2210"]
[BlackElo "2365"]
[Annotator "TA"]
[PlyCount "101"]
[EventDate "2017.??.??"]
[EventType "swiss"]
[EventCountry "ROU"]
[SourceTitle "playchess.com"]
[Source "ChessBase"]
[SourceQuality "1"]

{[%evp 16,101,15,2,63,-20,-12,-5,-10,-77,76,78,104,93,91,77,79,74,77,79,67,81,98,64,116,100,92,100,128,108,144,137,133,100,108,82,84,101,108,75,81,80,105,21,63,0,0,0,0,0,0,0,0,0,0,0,0,0,0,0,0,0,118,0,0,0,136,0,0,0,0,0,0,0,0,0,0,0,0,0,0,0,0,0,0,0,0,0]} 1. d4 Nf6 2. Nf3 d5 3. c4 e6 4. g3 Bb4+ 5. Bd2 Bd6 6. Bg2 {E01: Catalan: Early deviations} Nbd7 7. Qc2 O-O 8. O-O c6 9. b3 {LiveBook: 17 Games} b5 $146 (9... Ne4 $11) ({Predecessor:} 9... Ne4 10. Nc3 f5 11. Bf4 Bxf4 12. gxf4 b6 13. Ne5 Nxe5 14. fxe5 Ba6 15. Rad1 Rc8 16. f4 Qe7 17. Nxe4 fxe4 18. Qd2 Kh8 19. Rc1 c5 20. cxd5 exd5 21. dxc5 Rxc5 {½-½ (33) Ragger,M (2688)-Mamedyarov,S (2735) Vienna 2015}) 10. cxd5 ({White should play} 10. c5 $14 Bc7 11. a4) 10... cxd5 $11 11. Qc6 Qb6 12. Qxa8 (12. Rc1 $11) 12... Nb8 $2 (12... Bb8 $1 $17 {stays on course. next ...Bb7 is good for Black.} 13. Ba5 Qa6) 13. a4 $1 $16 {[%cal Ra4b5,Ba2a4,Ba4a5][%mdl 32]} b4 {And now ...Bb7 would win.} 14. a5 Qa6 {White must now prevent ...Bb7.} 15. Bxb4 $1 Bxb4 16. Qxb8 Bd6 17. Qa8 Bd7 18. Qxf8+ $1 Bxf8 19. Nc3 Qb7 (19... Bb4 $14 20. Rfc1 Bxc3 21. Rxc3 Qxe2) 20. Rfb1 Qb4 21. Rc1 Qxb3 22. Ne5 g6 23. e3 Be8 24. Bf3 Kg7 25. Bd1 Qb4 26. Nd3 Qb8 27. Ba4 Bxa4 28. Nxa4 (28. Rxa4 Qb7 $11) 28... Ne4 29. Nac5 ({White should try} 29. Rab1 $16 Qe8 30. Nac5) 29... Nd2 30. Ne5 (30. Rd1 $14 Bxc5 31. dxc5) 30... Bxc5 $11 31. Rxc5 Qb2 $1 {[%cal Rb2a1]} 32. Rac1 Nc4 $1 33. Re1 Nxe5 34. dxe5 Qxe5 {[%mdl 4096] Endgame KQ-KRR} 35. Rb1 Qe4 36. Rb7 {Threatens to win with Rcc7.} d4 37. Rcc7 dxe3 {Strongly threatening ...e2.} 38. Rxf7+ Kg8 {[#]} (38... Kh6 $1 $11 39. h4 (39. Rxh7+ Kg5 $11) 39... exf2+ 40. Kxf2 Kh5) 39. Rg7+ (39. Rxh7 $6 e2 $11) (39. Rfd7 $1 $16 {[%cal Rd7d8]} exf2+ 40. Kxf2 Qc2+ 41. Ke3 Qc3+ 42. Kf2 Qc5+ 43. Kg2 Qc2+ 44. Kf3 Qc3+ 45. Kf4 Qf6+ 46. Ke4 Qf5+ 47. Ke3 Qe5+ 48. Kd3 Qf5+ 49. Kd4 e5+ 50. Ke3 Qg5+ 51. Kf2 Qf5+ 52. Kg1) 39... Kf8 40. Rgf7+ ({Avoid the trap} 40. Rxa7 $2 e2 $19) (40. Rxh7 $11 exf2+ 41. Kxf2 Qc2+ 42. Kg1 Qd1+ 43. Kg2 Qe2+ 44. Kg1 (44. Kh3 Qf1+ 45. Kh4 Qf6+ 46. Kg4 Qf5+ 47. Kh4 Qf6+ 48. Kg4 Qf5+ 49. Kh4 Qf6+ $11) 44... Qe1+ 45. Kg2 Qe2+ 46. Kh3 Qf1+ 47. Kh4 Qf6+ 48. Kg4 Qf5+ 49. Kh4 Qf6+ 50. Kh3 Qf1+ 51. Kh4 Qf6+) 40... Kg8 $16 {[#]} 41. Rg7+ ({But not} 41. Rxh7 $6 e2 $11) (41. Rfd7 $1 $16 {[%cal Rd7d8]} exf2+ 42. Kxf2 Qc2+ 43. Kf3 Qc6+ 44. Kf4 e5+ 45. Kxe5 Qc5+ 46. Ke6 Qc6+ 47. Ke7) 41... Kf8 $11 {The position is equal.} 42. Rgc7 {[%cal Rc7c8]} ({Don't go for} 42. Rxa7 $2 e2 $19) 42... exf2+ 43. Kxf2 {[%cal Rc7c8]} Qd4+ 44. Ke2 {Threatening mate with Rc8+.} Qe4+ 45. Kd2 {[%cal Rc7c8]} Qd4+ 46. Kc2 Qe4+ 47. Kc3 {[%cal Rc7c8]} Qe3+ 48. Kc4 {[%cal Rc7c8]} Qe4+ 49. Kb5 {[%cal Rc7c8]} Qd3+ 50. Ka4 {White threatens Rc8+ and mate.} Qd4+ 51. Kb3 {Precision: White = 30%, Black = 70%.} 1/2-1/2

[Event "EYCC 2017"]
[Site "Mamaia"]
[Date "2017.09.12"]
[Round "7"]
[White "Morgunov, Marc"]
[Black "Costin, Alexandru"]
[Result "1-0"]
[WhiteElo "2199"]
[BlackElo "1812"]
[Annotator "TA"]
[PlyCount "141"]
[EventDate "2017.??.??"]
[EventType "swiss"]
[EventCountry "ROU"]
[SourceTitle "playchess.com"]
[Source "ChessBase"]
[SourceQuality "1"]

{[%evp 15,141,-6,-7,-11,-15,-14,-16,-45,-40,-45,-38,-27,-8,-27,0,-14,0,0,0,0,20,0,15,0,33,0,18,-25,75,79,74,84,131,123,127,119,118,118,124,95,106,107,116,118,112,109,164,158,158,154,156,128,140,97,119,97,104,75,82,79,159,164,168,167,160,167,241,234,229,231,232,221,221,187,190,201,200,192,192,176,234,225,262,229,375,368,358,367,416,409,408,401,349,382,340,379,402,393,465,466,12845,12841,12839,12838,12845,12846,12846,12847,12847,12847,12848,12847,12846,12847,12850,29985,29986,29986,29988,29989,29989,29990,29990,29991,29991,29992,29992,29993]} 1. e4 c6 2. d3 d5 3. Nd2 e5 4. Ngf3 Bd6 5. d4 exd4 6. exd5 cxd5 7. Nxd4 Nc6 8. N2b3 {B10: Caro-Kann: 2 d3 and 2 c4} (8. N2f3 Nf6 9. Be2 h6 10. O-O O-O 11. h3 Re8 12. c3 a6 13. Re1 Bd7 14. Bd2 Qc7 15. Bf1 Ne4 16. Be3 Rad8 17. Nxc6 bxc6 18. Bxa6 {1-0 (35) Smirin,I (2652)-Sasikiran,K (2682) Tsaghkadzor 2015}) 8... Nf6 {LiveBook: 6 Games} 9. Be2 h6 10. O-O {The position is equal.} O-O 11. h3 $146 ({Predecessor:} 11. Nxc6 bxc6 12. Be3 Re8 13. c4 dxc4 14. Nd2 c3 15. bxc3 Nd5 16. Bc4 Nxc3 {0-1 (53) Levchenkov,V (2250)-Maiwald,J (2400) Katowice 1993}) 11... Re8 12. c3 Bd7 13. Re1 a6 14. Be3 Ne4 15. Nf3 Be6 16. Nbd4 Nxd4 17. Nxd4 Bd7 18. Nc2 Be6 19. Nd4 Bd7 20. Bf1 {[%cal Be2f1,Bf1g2,Bg2f3][%mdl 32]} Qc7 21. g3 Bxg3 (21... Re7 $11 {remains equal.}) 22. fxg3 $16 Qxg3+ {[#]} 23. Bg2 $1 Nxc3 24. Qf3 Qxf3 25. Bxf3 Ne4 26. h4 Rac8 27. Kh2 Nf6 28. Bf4 Rxe1 29. Rxe1 Rc4 30. Rd1 Bg4 (30... Kh7 $16) 31. Bxg4 $18 Nxg4+ 32. Kg3 Nf6 33. Be3 h5 34. Rc1 Rxc1 35. Bxc1 Ne4+ 36. Kf4 f6 37. Ne6 Nd6 (37... Kf7 $142 38. Nd8+ Ke7 39. Nxb7 Ke6) 38. Nc7 $16 d4 39. Ne6 d3 {Black wants to play ...Nc4.} 40. Nc5 b6 (40... g6 {was called for.} 41. Ne4 (41. Nxd3 Kf7 $16) 41... Ne8) 41. Nxd3 $18 Kf7 42. Be3 b5 43. Nc5 a5 44. Bd2 a4 45. Bc3 Nc4 46. Na6 Nd6 47. Nc7 Kg6 (47... g6 $142 48. Bb4 Nf5) 48. Ne6 Nc4 49. Ke4 Nb6 (49... b4 {was necessary.}) 50. Nc7 Kf7 51. Nxb5 g5 52. hxg5 fxg5 53. Bd4 Nc4 54. Kd3 Na5 55. Nc3 Nc6 56. Nxa4 Nb4+ 57. Kc4 Nxa2 (57... Nc6 $142 58. Nc5 h4) 58. Be3 Kg6 59. Kb3 Nc1+ 60. Bxc1 h4 61. Nc3 g4 62. Ne2 Kf5 63. Kc4 Ke4 64. b4 {[%cal Bb2b4,Bb4b5,Bb5b6,Bb6b7][%mdl 32]} g3 {[#]} 65. Nxg3+ $1 hxg3 {[%mdl 4096] Endgame KB-KP. White mates.} 66. Bb2 Kf3 67. Bd4 g2 68. b5 Kg4 69. b6 Kh3 70. b7 g1=Q 71. Bxg1 {Precision: White = 74%, Black = 29%.} 1-0

[Event "EYCC 2017"]
[Site "Mamaia"]
[Date "2017.09.12"]
[Round "7"]
[White "Oglaza, Oskar"]
[Black "Revaliente Montoya, Ciro"]
[Result "1-0"]
[WhiteElo "2198"]
[BlackElo "2073"]
[Annotator "TA"]
[PlyCount "119"]
[EventDate "2017.??.??"]
[EventType "swiss"]
[EventCountry "ROU"]
[SourceTitle "playchess.com"]
[Source "ChessBase"]
[SourceQuality "1"]

{[%evp 16,119,31,29,29,21,36,31,31,40,82,80,82,89,87,78,83,78,81,81,83,85,89,75,100,81,128,135,128,129,130,116,120,116,146,126,116,115,133,129,126,125,130,123,128,131,145,116,116,114,116,118,118,114,112,118,112,129,122,129,1508,1610,1504,1391,987,987,860,810,748,741,741,700,5140,2575,10934,2604,29952,29939,2672,1973,29976,29977,29977,29978,29980,29981,29981,29982,29982,29980,29982,29983,29985,29983,29985,29986,29986,29987,29988,29986,29986,29985,29985,29985,29988,29989]} 1. e4 c5 2. Nf3 Nf6 3. e5 Nd5 4. Nc3 e6 5. Nxd5 exd5 6. d4 Nc6 7. c3 d6 8. Bb5 {B29: Sicilian: 2 Nf3 Nf6 (Nimzowitsch Variation)} Be7 9. exd6 {LiveBook: 7 Games} Bxd6 10. dxc5 {White has an edge.} Bxc5 11. Qe2+ Qe7 $146 ({Predecessor:} 11... Be6 12. Be3 Bxe3 13. Qxe3 O-O 14. O-O Bg4 15. Rad1 Re8 {1-0 (40) Salgado Lopez,I (2615)-Kantans,T (2514) Reykjavik 2015}) 12. Qxe7+ Bxe7 13. Ne5 Bd7 14. Nxd7 Kxd7 15. Be3 Kc7 16. O-O-O Rad8 17. Rd2 Rd7 18. Rhd1 Rhd8 19. Be2 Ne5 20. b3 ({Not} 20. Bxa7 b6 $15) 20... g5 21. f4 ({Reject} 21. Bxa7 $6 b6 $11) 21... gxf4 22. Bxf4 Bd6 23. Rf1 f6 24. Bg3 Rf8 25. Kc2 Ng6 26. Bg4 Rdd8 27. Rxd5 Bxg3 28. Rxd8 Rxd8 29. hxg3 $16 {[%mdl 4096] Endgame KRB-KRN} Ne5 30. Bf5 h5 31. Bh3 Rg8 32. Rxf6 Rxg3 33. Rf5 Ng4 {[#] And now ...Ne3+ would win.} 34. Rxh5 Ne3+ 35. Kd2 Nxg2 36. Rh7+ Kb8 37. Bf5 {Be4 is the strong threat.} Rf3 $2 {[%mdl 8192] [#]} (37... Re3 $16 38. c4 Re8) 38. Rxb7+ $1 $18 {[%mdl 512]} Kxb7 39. Be4+ Kb6 40. Bxf3 {KB-KN} Nf4 41. Ke3 Ne6 42. Kd3 Kc5 43. a3 {[%cal Ba2a3,Ba3b4][%mdl 32]} a5 44. c4 Nc7 45. Kc3 Na6 46. Bb7 Nc7 47. b4+ axb4+ 48. axb4+ {White mates.} Kb6 49. Be4 Na6 50. Kb3 Nc7 51. c5+ Kb5 52. Bd3+ Kc6 53. Kc4 Ne6 54. Bf5 Nd8 55. b5+ Kb7 56. Be4+ Ka7 57. Kd5 Kb8 58. Kd6 Nf7+ 59. Ke6 Nd8+ 60. Ke7 {Precision: White = 82%, Black = 48%.} 1-0